LEADER 01170nam a2200277 i 4500 001 000000188854 003 CaOOAMICUS 005 20150324000000.0 008 150324n it u000 u ita u 013 $a167088 040 $aSeMil$bita 100 1 $aGlasenapp, Helmuth : von,$d<1891-1963>.$0(OLS)http://semarc/name/35273 245 13$aLe religioni dell'India /$cHelmuth von Glasenapp ; traduzione di Carlo Della Casa. 260 $aTorino [etc.] :$bSEI,$cstampa 1963. 300 $aVIII, 326 p., [16] p. di tav. :$bill. ;$c22 cm. 490 0 $aStoria e scienza delle religioni 500 $aFondo card. Giovanni Colombo. 650 4$aIndia - Religioni.$0(OLS)http://semarc/subject/176 700 1 $aDella Casa, Carlo <1925->.$0(OLS)http://semarc/name/35328 830 0$aStoria e scienza delle religioni.$0(OLS)http://semarc/title/18535 850 $aSeMil 852 $aSeMil$W1$xVenegono$y1$m3GC III 238$j139491$B139491$CSeMilBibl$Z2$F151113 $8B 941 1 $a3 961 $aLascito: Colombo Card. Giovanni 996 $6245$aLe religioni dell'India$9(OLS)http://semarc/title/206779 996 $6260$aTorino [etc.] :$bSEI$9(OLS)http://semarc/publisher/32375 LEADER 01005nam a2200229 i 4500 001 000000071815 003 CaOOAMICUS 005 20090116000000.0 008 090116s1935 it u000 u ita u 013 $a42987 040 $aSeMil$bita 100 1 $aZamboni, Giuseppe <1875-1950>.$0(OLS)http://semarc/name/1560 245 10$aMetafisica e gnoseologia :$brisposta a mons. Francesco Olgiati /$cGiuseppe Zamboni. 260 $aVerona :$bLa tipografica veronese,$c1935. 300 $a136 p. ;$c25 cm. 650 4$aGnoseologia filosofica.$0(OLS)http://semarc/subject/5462 650 4$aFilosofia neoscolastica.$0(OLS)http://semarc/subject/6346 650 4$aNeotomismo.$0(OLS)http://semarc/subject/1812 850 $aSeMil 852 $aSeMil$W1$xVenegono$y1$m2P V 32$j37968$B37968$CSeMilBibl$Z2$F37971 $81 996 $6245$aMetafisica e gnoseologia :$brisposta a mons. Francesco Olgiati$9(OLS)http://semarc/title/115622 996 $6260$aVerona :$bLa tipografica veronese$9(OLS)http://semarc/publisher/40903